| 000 | 00566nam a22002177a 4500 | ||
|---|---|---|---|
| 003 | OSt | ||
| 005 | 20140310182939.0 | ||
| 008 | 130202t xxu||||| |||| 00| 0 eng d | ||
| 020 | _a9789712349225 | ||
| 050 |
_a HF5721 _b.B223 2011 |
||
| 082 |
_aFIL808.06665 _b.B23 2011 |
||
| 245 |
_aBusiness correspondence / _cBaraceros, Esther L. |
||
| 250 | _a2nd ed. | ||
| 260 |
_aManila _bRex Book Store _c2011 |
||
| 300 |
_avii, 266 p. _c22 cm. |
||
| 521 | _acollege students | ||
| 526 | _c1210L-1700L | ||
| 541 | _j1 | ||
| 562 | _e1 | ||
| 942 |
_2lcc _cBK _kFIL |
||
| 999 |
_c17677 _d17677 |
||